000 00492nam a22001937a 4500
003 MPLRDC
005 20220104190618.0
008 210129b ||||| |||| 00| 0 eng d
020 _a978-986-6514-14-2
082 _a857.75 YS v.3
100 _a雨山
245 _a西域迷城之3
_c
250 _a一版三刷
260 _a台湾
_b亚洲图书有限公司
_c2009
300 _b
490 _a文学盛宴: 15
650 _a中国文学--长篇小说
942 _cBK
_o857.75 YS v.3
999 _c63870
_d63860